000 00300nam a2200121Ia 4500
008 240731s9999 xx 000 0 und d
022 _a1548-3290
245 0 _aCapitalism Nature Socialism
260 _bRoutledge
856 _uhttps://www.tandfonline.com/loi/rcns20
942 _2ddc
942 _cTFEJ
999 _c75774
_d75774
945 _a1
_bMadushi Gamage
_c1
_dMadushi Gamage